[Event "BCF-ch U16"]
[Site "Hull"]
[Date "2024.08.01"]
[Round "5"]
[White "Vaidyanathan, Sathya"]
[Black "Swiatkowski, Dominik"]
[Result "1/2-1/2"]
[WhiteElo "1844"]
[BlackElo "1523"]
[PlyCount "39"]
[EventDate "2024.07.28"]
[EventType "swiss"]
[EventRounds "7"]
[EventCountry "ENG"]
[SourceTitle "EXT 2025"]
[Source "ChessBase"]
[SourceDate "2024.10.14"]
[SourceVersion "1"]
[SourceVersionDate "2024.10.14"]
[SourceQuality "1"]

1. e4 e5 2. Nf3 Nc6 3. d4 exd4 4. Nxd4 Nf6 5. Nxc6 bxc6 6. e5 Qe7 7. Qe2 Nd5 8. h4 f6 9. c4 Ba6 10. exf6 Nxf6 11. Nc3 d5 12. Qxe7+ Bxe7 13. cxd5 Bxf1 14. Rxf1 cxd5 15. Bg5 c6 16. 0-0-0 Kd7 17. g3 Rae8 18. Rfe1 Rhf8 19. Bxf6 Bxf6 20. Rxe8 1/2-1/2

[Event "BCF-ch Major"]
[Site "Hull"]
[Date "2024.07.28"]
[Round "2"]
[White "Swiatkowski, Dominik"]
[Black "Mcbeath, Joel"]
[Result "1/2-1/2"]
[WhiteElo "1523"]
[BlackElo "1806"]
[PlyCount "96"]
[EventDate "2024.07.27"]
[EventType "swiss"]
[EventRounds "9"]
[EventCountry "ENG"]
[SourceTitle "CBM 221 Extra"]
[Source "ChessBase"]
[SourceDate "2024.09.30"]
[SourceVersion "1"]
[SourceVersionDate "2024.09.30"]
[SourceQuality "1"]

1. e4 e5 2. Nf3 Nc6 3. Bb5 a6 4. Ba4 Nf6 5. 0-0 Be7 6. Re1 b5 7. Bb3 d6 8. c3 0-0 9. h3 Na5 10. Bc2 c5 11. d4 Qc7 12. Nbd2 cxd4 13. cxd4 Nc6 14. Nb3 a5 15. Be3 a4 16. Nbd2 Bd7 17. a3 Rfe8 18. Rc1 Qb7 19. Nf1 Bd8 20. Ng3 Na5 21. dxe5 dxe5 22. Qe2 Nc4 23. Bd3 Nxe3 24. Qxe3 b4 25. axb4 Qxb4 26. Qe2 Rb8 27. Rc2 h6 28. Rec1 Bb6 29. Qd2 Ba5 30. Qxb4 Bxb4 31. Nd2 Nh7 32. Nc4 Nf8 33. Ne2 Ng6 34. Ne3 Be6 35. Bc4 Bxc4 36. Rxc4 Bd2 37. R1c2 Bxe3 38. fxe3 Ra8 39. Nc3 a3 40. bxa3 Rxa3 41. Nd5 Ne7 42. Nxe7+ Rxe7 43. Kf2 Rb7 44. Rc8+ Kh7 45. R8c7 Rbb3 46. Rxf7 Rxe3 47. Rcc7 Rg3 48. Ra7 Rab3 1/2-1/2

[Event "BCF-ch U16 rapid"]
[Site "Hull"]
[Date "2024.07.26"]
[Round "4"]
[White "Taylor, Zebadiah"]
[Black "Swiatkowski, Dominik"]
[Result "1/2-1/2"]
[WhiteElo "1503"]
[BlackElo "1640"]
[PlyCount "143"]
[EventDate "2024.07.26"]
[EventType "swiss (rapid)"]
[EventRounds "9"]
[EventCountry "ENG"]
[SourceTitle "CBM 221 Extra"]
[Source "ChessBase"]
[SourceDate "2024.09.30"]
[SourceVersion "1"]
[SourceVersionDate "2024.09.30"]
[SourceQuality "1"]

1. e4 e5 2. Nf3 Nc6 3. d4 exd4 4. Bc4 Bc5 5. c3 Nf6 6. cxd4 Bb4+ 7. Bd2 Bxd2+ 8. Nbxd2 d5 9. exd5 Nxd5 10. 0-0 0-0 11. Nb3 Bg4 12. h3 Bh5 13. Qd3 Nb6 14. Ne5 Nxe5 15. dxe5 Qxd3 16. Bxd3 Rad8 17. Be4 c6 18. f4 Be2 19. Rfe1 Bd3 20. Nc5 Bxe4 21. Nxe4 Nc8 22. Rad1 b6 23. b4 Ne7 24. Nd6 Nc8 25. Nxc8 Rxc8 26. Rd7 Ra8 27. Red1 a5 28. a3 axb4 29. axb4 c5 30. bxc5 bxc5 31. Rc7 Rac8 32. Rxc8 Rxc8 33. Kf2 Kf8 34. Ke3 Ke7 35. Ke4 c4 36. Rc1 c3 37. Kd3 f6 38. Rxc3 Rd8+ 39. Ke3 Ke6 40. Rc6+ Kd5 41. Rc7 fxe5 42. fxe5 Kxe5 43. Rxg7 Rh8 44. Kf3 Kf6 45. Ra7 h5 46. Kf4 Kg6 47. Ra6+ Kg7 48. Kg5 Kf7 49. g3 h4 50. g4 Ke7 51. Rh6 Rf8 52. Kxh4 Kf7 53. g5 Kg7 54. Kg4 Rf1 55. h4 Ra1 56. Rf6 Ra4+ 57. Rf4 Ra1 58. h5 Ra5 59. Re4 Kf7 60. g6+ Kf6 61. Rf4+ Kg7 62. Rf7+ Kh8 63. Rf5 Ra1 64. Kg5 Kg7 65. h6+ Kg8 66. Re5 Rg1+ 67. Kf6 Rf1+ 68. Rf5 Ra1 69. g7 Ra6+ 70. Kg5 Rg6+ 71. Kh5 Rxh6+ 72. Kxh6 1/2-1/2

[Event "Glorney Cup U18"]
[Site "Hull"]
[Date "2024.07.24"]
[Round "4.5"]
[White "Arun, Rahul"]
[Black "Swiatkowski, Dominik"]
[Result "0-1"]
[WhiteElo "1694"]
[BlackElo "1523"]
[PlyCount "85"]
[EventDate "2024.07.23"]
[EventType "team-tourn"]
[EventRounds "5"]
[EventCountry "ENG"]
[SourceTitle "CBM 221 Extra"]
[Source "ChessBase"]
[SourceDate "2024.09.30"]
[SourceVersion "1"]
[SourceVersionDate "2024.09.30"]
[SourceQuality "1"]
[WhiteTeam "Ireland"]
[BlackTeam "England II"]
[WhiteTeamCountry "IRL"]
[BlackTeamCountry "ENG"]

1. d4 Nf6 2. c4 e6 3. Nc3 Bb4 4. Qc2 0-0 5. e4 d5 6. e5 Ne4 7. Bd3 c5 8. dxc5 Nd7 9. Be3 Nxe5 10. Rd1 Nxd3+ 11. Rxd3 Bxc3+ 12. bxc3 Qa5 13. cxd5 Nxc5 14. Rd4 e5 15. Rh4 e4 16. Nh3 Nd3+ 17. Ke2 Qxd5 18. Rd1 Qc4 19. Kd2 Bxh3 20. gxh3 Rfd8 21. Bd4 Rxd4 22. cxd4 Qxd4 23. Rxe4 Qxe4 24. Qxd3 Qxd3+ 25. Kxd3 Rd8+ 26. Kc2 Rxd1 27. Kxd1 Kf8 28. Kc2 Ke7 29. Kc3 Ke6 30. a4 Ke5 31. Kd3 Kd5 32. h4 b6 33. h3 a6 34. f3 b5 35. axb5 axb5 36. h5 b4 37. h4 h6 38. Kc2 Kd4 39. Kb3 Ke3 40. Kxb4 Kxf3 41. Kc5 Kg4 42. Kd6 f5 43. Kd5 0-1

[Event "Glorney Cup U18"]
[Site "Hull"]
[Date "2024.07.23"]
[Round "2.5"]
[White "McGrath, Ethan"]
[Black "Swiatkowski, Dominik"]
[Result "1-0"]
[WhiteElo "1730"]
[BlackElo "1523"]
[PlyCount "117"]
[EventDate "2024.07.23"]
[EventType "team-tourn"]
[EventRounds "5"]
[EventCountry "ENG"]
[SourceTitle "CBM 221 Extra"]
[Source "ChessBase"]
[SourceDate "2024.09.30"]
[SourceVersion "1"]
[SourceVersionDate "2024.09.30"]
[SourceQuality "1"]
[WhiteTeam "Wales"]
[BlackTeam "England II"]
[WhiteTeamCountry "WLS"]
[BlackTeamCountry "ENG"]

1. e4 e5 2. Nf3 Nc6 3. Bc4 Bc5 4. c3 Nf6 5. d4 exd4 6. cxd4 Bb4+ 7. Bd2 Bxd2+ 8. Nbxd2 d5 9. exd5 Nxd5 10. Qb3 Na5 11. Qa4+ Nc6 12. 0-0 0-0 13. Bxd5 Qxd5 14. Rac1 Be6 15. Nb3 Rfd8 16. Nc5 Qxa2 17. Qxa2 Bxa2 18. Nxb7 Rdb8 19. Rxc6 Rxb7 20. Rfc1 Rxb2 21. Rxc7 g6 22. h3 Rb1 23. Rxb1 Bxb1 24. Ne5 Ba2 25. Rc2 Be6 26. f3 Rd8 27. Nc6 Rd6 28. Kf2 Bd7 29. d5 Kg7 30. Rc5 Kf6 31. Ke3 Bf5 32. Nxa7 Ke7 33. Nc6+ Kd7 34. g4 Be6 35. Ne5+ Ke7 36. dxe6 Rxe6 37. Kd4 f6 38. Nd3 Kd6 39. Nf4 Re1 40. Rc3 g5 41. Nh5 Rh1 42. f4 gxf4 43. Nxf4 Rd1+ 44. Rd3 Ra1 45. Ke4+ Ke7 46. Kf5 Ra5+ 47. Rd5 Ra3 48. Rb5 Ra7 49. Nd5+ Kd6 50. Nxf6 Ra3 51. Rd5+ Kc6 52. Rd7 Rf3+ 53. Kg5 h6+ 54. Kg6 Rxh3 55. Rh7 Kd6 56. Rxh6 Ra3 57. Rh1 Ke7 58. Re1+ Kd6 59. g5 1-0

[Event "Berkshire Berks & Bucks op-D"]
[Site "Berkshire"]
[Date "2023.08.26"]
[Round "1"]
[White "Swiatkowski, Aram"]
[Black "Swiatkowski, Dominik"]
[Result "0-1"]
[WhiteElo "1749"]
[BlackElo "1556"]
[PlyCount "30"]
[EventDate "2023.08.26"]
[EventType "swiss"]
[EventRounds "6"]
[EventCountry "ENG"]
[SourceTitle "CBM 216 Extra"]
[Source "ChessBase"]
[SourceDate "2023.11.30"]
[SourceVersion "1"]
[SourceVersionDate "2023.11.30"]
[SourceQuality "1"]

1. e4 e5 2. Nf3 Nc6 3. d4 exd4 4. Bc4 Bc5 5. c3 Nf6 6. 0-0 0-0 7. cxd4 Bb6 8. Bg5 d6 9. Nc3 Bg4 10. Nd5 Bxd4 11. h3 Bxf3 12. Qxf3 Ne5 13. Qg3 Nxc4 14. Rfd1 Nxe4 15. Rxd4 Nxg3 0-1